[Event "50th-ITA-ch-Teams-2018"]
[Site "Gallipoli"]
[Date "2018.04.27"]
[Round "1"]
[White "Signorelli, Gaetano"]
[Black "Arlandi, Ennio"]
[Result "0-1"]
[WhiteElo "2222"]
[BlackElo "2438"]
[Annotator "TA"]
[PlyCount "58"]
[EventDate "2018.??.??"]
[EventType "team-tourn"]
[EventCountry "ITA"]
[SourceTitle "playchess.com"]
[Source "ChessBase"]
[SourceQuality "1"]

{[%evp 30,58,31,10,55,-42,-47,-72,-63,-155,-159,-183,-170,-162,-164,-214,-163,-156,-142,-192,-190,-175,0,-305,-262,-316,-296,-1379,-372,-29992,-29993]} 1. e4 c5 2. Nf3 e6 3. d4 cxd4 4. Nxd4 Nf6 5. Nc3 d6 6. Be2 a6 7. O-O Nc6 8. Be3 Be7 9. f4 Qc7 10. Kh1 O-O 11. Qe1 Nxd4 12. Bxd4 b5 13. a3 Bb7 14. Qg3 Rad8 15. Bf3 {B85: Sicilian Scheveningen: 6 Be2 a6, lines with early Be3} (15. Rae1 Qd7 16. Bd3 Nh5 17. Qg4 Nf6 18. Qg3 Nh5 19. Qg4 Nf6 20. Qg3 Nh5 21. Qg4 Nf6 22. Qg3 {½-½ (24) Andreikin,D (2712)-Grischuk,A (2772) Huaian 2017}) 15... Rd7 16. Rae1 {LiveBook: 9 Games} g6 17. e5 $146 (17. f5 $14) ({Predecessor:} 17. f5 e5 18. Be3 Kh8 19. Bg5 Qd8 20. Bd1 Ng8 21. h4 h6 22. Bxe7 Qxe7 {1-0 (32) Poetz,F (2317)-Kragelj,I (2226) Weiz 2010}) 17... dxe5 $15 18. fxe5 Nh5 19. Bxh5 (19. Qg4 $15) 19... Rxd4 $17 20. Re2 f5 21. Bf3 Rfd8 22. Qe1 b4 23. axb4 Bxb4 24. Re3 Bxf3 25. Rexf3 Rd2 $2 {[#]} (25... Qc5 $19 {aiming for ...Rd2.} 26. h3 Rd2) 26. Qa1 $2 {[%mdl 8192]} (26. Nb1 $11 {and White stays safe.}) 26... Qc6 27. Na2 Bc5 28. c3 $2 {[#]} (28. Nc3) 28... Qb5 $2 (28... Rxg2 $1 {[%mdl 512] ( -> ...Rdd2)} 29. Kxg2 Rd2+ 30. Kh1 Bf2) 29. b4 $2 (29. c4 $19 Qxc4 30. Nc3) 29... Qe2 {Precision: White =  8%, Black = 45%.} 0-1

[Event "50th-ITA-ch-Teams-2018"]
[Site "Gallipoli"]
[Date "2018.04.27"]
[Round "1"]
[White "Bettalli, Francesco"]
[Black "Carbone, Stefano"]
[Result "0-1"]
[WhiteElo "2185"]
[BlackElo "2101"]
[Annotator "TA"]
[PlyCount "120"]
[EventDate "2018.??.??"]
[EventType "team-tourn"]
[EventCountry "ITA"]
[SourceTitle "playchess.com"]
[Source "ChessBase"]
[SourceQuality "1"]

{[%evp 20,120,12,10,8,0,1,0,0,0,29,23,25,26,31,29,21,-7,36,0,0,0,0,0,14,0,0,0,0,0,0,0,0,0,0,0,0,0,0,0,0,0,8,6,6,5,8,4,4,2,12,6,10,0,0,0,0,-44,-41,-150,-135,-370,-357,-342,-329,-488,-483,-7264,-7264,-6087,-2094,-2037,-2037,-1900,-1665,-1722,-1607,-1565,-1453,-1319,0,-1360,-1314,-1155,-947,-5569,-5625,-5627,-5513,-5627,-5505,-5509,-5509,-5469,-5381,-5189,-2412,-1629,-1542,-5729,-5410,-1741,-1525]} 1. d4 d5 2. c4 c6 3. Nc3 Nf6 4. Nf3 a6 5. e3 b5 6. b3 Bg4 7. Be2 e6 8. O-O Nbd7 9. h3 Bh5 10. Nd2 {D15: Slav Defence: 4 Nc3 a6 and gambit lines after 4 Nc3 dxc4} (10. c5 Be7 11. Bb2 O-O 12. Ne5 Bxe2 13. Nxe2 Qc7 14. b4 a5 15. a3 Ra6 16. Qd3 Rfa8 17. a4 axb4 18. Nxc6 Bxc5 19. axb5 Rxa1 20. Rxa1 Rxa1+ 21. Bxa1 {0-1 (29) Tari,A (2584)-Howell,D (2644) Doha 2016}) 10... Bxe2 11. Qxe2 {LiveBook: 3 Games} Bb4 12. Qd3 $146 {The position is equal.} ({Predecessor:} 12. Bb2 O-O 13. e4 Bxc3 14. Bxc3 Nxe4 15. Nxe4 dxe4 16. Qxe4 Rc8 17. Rad1 Re8 {1-0 (31) Grivas,E (2503)-Eisen,L (2263) ICC INT 2000}) 12... O-O 13. a3 dxc4 14. bxc4 Ne5 (14... Nc5 $5 15. Qc2 $8 Bxc3 16. Qxc3 Na4 $11) 15. Qc2 Bxc3 $1 16. Qxc3 Nxc4 17. Nxc4 bxc4 18. f3 Qb6 19. e4 Qb3 20. Bd2 Qxc3 21. Bxc3 c5 22. dxc5 Rfc8 23. Bd4 Nd7 24. Rac1 Nxc5 {[#] Strongly threatening ...Nb3.} 25. Rxc4 {Hoping for Rfc1.} Nb3 26. Rxc8+ Rxc8 $11 {[%mdl 4096] Endgame KRB-KRN} 27. Bb6 Nd2 28. Rd1 Nc4 29. Bc5 h5 30. Be7 Kh7 31. Rc1 Kg6 32. Kf2 f6 33. Ke2 Kf7 34. Bb4 Ke8 35. Rc3 Kd7 36. Kd3 Ne5+ 37. Kc2 Rxc3+ 38. Kxc3 {KB-KN} Ng6 39. g4 {[#]} (39. g3 $15) 39... h4 $1 $17 40. Kd4 $2 (40. Kd2 $17 {might work better.}) 40... e5+ $19 41. Ke3 Nf4 42. Bc3 (42. Bf8 $142 g6 43. Bb4) 42... Nxh3 43. f4 (43. Bd2 $142 Nf4 44. Kf2) 43... Nxf4 44. Kf3 g5 (44... h3 $142 45. Kg3 Ne2+ 46. Kxh3 Nxc3) 45. Bb4 Ne6 46. Kg2 Nd4 47. Bc5 Nc6 48. Kf3 Nb8 49. Ba7 Nc6 50. Bc5 Na5 {Black is clearly winning.} 51. Bb4 Nb7 52. a4 Nd6 53. Ba3 Nc4 54. Bb4 Nb6 55. a5 Nc8 56. Be1 Ne7 57. Bf2 Nc6 58. Bb6 Nd4+ 59. Kg2 Nb3 60. Kf2 Nd2 {Precision: White = 36%, Black = 82%.} 0-1

[Event "50th-ITA-ch-Teams-2018"]
[Site "Gallipoli"]
[Date "2018.04.28"]
[Round "2"]
[White "Vallejo Pons, Francisco"]
[Black "Aghayev, Miragha"]
[Result "1-0"]
[WhiteElo "2705"]
[BlackElo "2410"]
[Annotator "TA"]
[PlyCount "61"]
[EventDate "2018.??.??"]
[EventType "team-tourn"]
[EventCountry "ITA"]
[SourceTitle "playchess.com"]
[Source "ChessBase"]
[SourceQuality "1"]

{[%evp 14,61,36,8,36,36,36,20,36,36,41,36,36,36,36,32,35,30,31,37,40,27,50,72,95,64,208,228,344,345,341,351,342,357,330,341,579,560,685,650,617,570,538,559,522,516,951,939,886,860]} 1. e4 e5 2. Nf3 Nc6 3. Bb5 {[%cal Bf1b5,Bb5a4,Ba4b3][%mdl 32]} a6 4. Ba4 Nf6 5. O-O b5 6. Bb3 Bc5 7. c3 d6 8. a4 {aiming for axb5.} Bb7 {C78: Ruy Lopez: Archangelsk and Möller Defences} 9. d4 Bb6 10. Bg5 h6 {The position is equal.} 11. Bxf6 Qxf6 12. axb5 axb5 13. Rxa8+ Bxa8 14. d5 $36 {[%mdl 2048] White has the initiative.} Na7 15. Na3 {[#]} Qe7 $146 ({Predecessor:} 15... O-O 16. Qd3 {½-½ (60) Bologan,V (2688)-Fedorchuk,S (2643) Sibenik 2009}) 16. Qe2 Qd7 17. c4 {[%cal Rc4b5]} bxc4 18. Nxc4 Bc5 19. Qc2 {Hoping for Ba4.} Qe7 {[#]} ({Better is} 19... O-O $1 $14) 20. Ba4+ $1 $18 Kf8 {[#]} (20... c6 $142) 21. b4 $1 {[%mdl 512]} Bb6 (21... Bxb4 22. Qb3) 22. Nxb6 cxb6 23. Rc1 {Strongly threatening Qc8+!} b5 24. Bb3 Bb7 $2 (24... g5 {might work better.} 25. Qc7 Nc6) 25. Qc7 {White is clearly winning.} Nc8 26. Qb8 Ba6 {and the idea ...Qb7 leaves Black hopeful.} 27. Rxc8+ Bxc8 28. Qxc8+ Qe8 29. Qc7 Qe7 (29... f6 $142 30. Bd1 Qe7 31. Qb8+ Qe8 32. Qxd6+ Kg8) 30. Qb8+ Qe8 31. Qxd6+ {Precision: White = 81%, Black = 30%.} 1-0

[Event "50th-ITA-ch-Teams-2018"]
[Site "Gallipoli"]
[Date "2018.04.28"]
[Round "2"]
[White "Moroni, Luca Jr"]
[Black "Sadzikowski, Daniel"]
[Result "1/2-1/2"]
[WhiteElo "2556"]
[BlackElo "2582"]
[Annotator "TA"]
[PlyCount "30"]
[EventDate "2018.??.??"]
[EventType "team-tourn"]
[EventCountry "ITA"]
[SourceTitle "playchess.com"]
[Source "ChessBase"]
[SourceQuality "1"]

{[%evp 11,30,0,9,0,3,3,2,-20,-25,-19,-15,-43,-10,-36,-32,-30,0,0,0,0,10]} 1. d4 d5 2. c4 e6 3. Nc3 Bb4 4. a3 Bxc3+ 5. bxc3 Nf6 6. e3 O-O {LiveBook: 158 Games} 7. a4 {E40: Nimzo-Indian: Rubinstein (4 e3): Unusual Black 4th moves} (7. Bd3 c6 8. Ne2 b6 9. O-O Ba6 10. cxd5 cxd5 11. Bxa6 Nxa6 12. Qd3 Qc8 13. f3 Nb8 14. e4 Qa6 15. Qe3 Nc6 {1-0 (52) Radjabov,T (2741)-Movsesian,S (2671) Heraklio 2017}) 7... b6 8. Ba3 Re8 9. Nf3 Ba6 10. Ne5 $146 ({Predecessor:} 10. Nd2 e5 11. Be2 Nbd7 12. O-O c5 13. a5 bxa5 14. dxe5 Nxe5 15. Bxc5 Nxc4 16. Nxc4 Bxc4 17. Bxc4 dxc4 {1-0 (74) Michalik,P (2557)-Kraus,T (2420) Prague 2017}) 10... Nfd7 11. Nxd7 Qxd7 12. Qb3 dxc4 13. Bxc4 Bxc4 14. Qxc4 Nc6 15. Bb4 e5 1/2-1/2

[Event "50th-ITA-ch-Teams-2018"]
[Site "Gallipoli"]
[Date "2018.04.28"]
[Round "2"]
[White "Brunello, Sabino"]
[Black "Madiai, Federico"]
[Result "1-0"]
[WhiteElo "2540"]
[BlackElo "2260"]
[Annotator "TA"]
[PlyCount "54"]
[EventDate "2018.??.??"]
[EventType "team-tourn"]
[EventCountry "ITA"]
[SourceTitle "playchess.com"]
[Source "ChessBase"]
[SourceQuality "1"]

{[%evp 13,54,14,16,12,6,0,7,0,25,0,24,24,33,16,40,34,50,54,79,56,44,42,58,57,82,87,89,84,87,90,92,81,91,98,91,93,269,260,601,586,558,558,558]} 1. b3 d5 2. Bb2 Nf6 3. e3 g6 4. c4 c6 5. h3 (5. Nf3 Bg7 6. Be2 O-O 7. O-O dxc4 8. bxc4 c5 9. d4 cxd4 10. exd4 e6 11. Nc3 Nc6 12. Ba3 Re8 13. Nb5 Ne4 14. Qd3 a6 15. Qxe4 axb5 {0-1 (72) Radjabov,T (2734)-Aronian,L (2797) Beijing 2014}) 5... Bg7 6. Nf3 {A11: English Opening: 1...c6} O-O 7. Be2 b6 {LiveBook: 3 Games} 8. Nc3 {The position is equal.} Nbd7 9. O-O Bb7 10. Rc1 $146 ({Predecessor:} 10. d4 Re8 11. cxd5 cxd5 12. b4 a6 13. Qb3 Qb8 {½-½ (41) Stempin,P (2415)-Kujawski,A (2225) Gdynia 1987}) 10... Ne4 11. d4 Nxc3 12. Bxc3 Rc8 13. b4 {[%cal Bb3b4,Bb4b5][%mdl 32]} e6 14. cxd5 cxd5 15. b5 Qc7 16. Qa4 Qb8 17. Qa3 Rfe8 18. Bb4 {[%cal Bc3b4,Bb4d6,Bd6h2,Bh2e5,Be5f6][%mdl 32]} Rxc1 19. Rxc1 Rc8 20. Rxc8+ Bxc8 21. Bd6 Qb7 22. g4 h6 23. Kg2 Nf6 24. Bh2 Bd7 $2 {[#]} (24... Ne4 $16 {was called for.}) 25. Qe7 $18 Qa8 $2 (25... Ne4 26. Ne5 Bc8 27. Qd8+ Kh7) 26. Be5 Qc8 27. Bxf6 Bf8 {Precision: White = 56%, Black = 27%.} 1-0

[Event "50th-ITA-ch-Teams-2018"]
[Site "Gallipoli"]
[Date "2018.04.28"]
[Round "2"]
[White "Valsecchi, Alessio"]
[Black "Krasenkow, Michal"]
[Result "1/2-1/2"]
[WhiteElo "2510"]
[BlackElo "2626"]
[Annotator "TA"]
[PlyCount "95"]
[EventDate "2018.??.??"]
[EventType "team-tourn"]
[EventCountry "ITA"]
[SourceTitle "playchess.com"]
[Source "ChessBase"]
[SourceQuality "1"]

{[%evp 31,95,0,0,0,0,0,0,0,42,32,29,26,47,27,50,58,30,34,47,0,14,0,0,-48,-41,-59,-20,-80,-69,-86,-27,-47,-43,-36,-31,-29,0,0,65,80,68,64,62,66,52,70,56,59,63,60,46,0,0,0,0,0,0,0,0,0,0,0,0,0,0,2]} 1. e4 c5 2. Nf3 Nc6 3. d4 cxd4 4. Nxd4 Nf6 5. Nc3 e5 6. Ndb5 d6 7. Bg5 a6 8. Na3 b5 9. Bxf6 gxf6 10. Nd5 f5 11. Bxb5 axb5 12. Nxb5 Ra4 13. Nbc7+ Kd7 {[%cal Be8d7,Bd7c6,Bc6b7,Bb7a7,Ba7a8][%mdl 32]} 14. O-O Rxe4 15. Qh5 Ne7 {B33: Sicilian: Pelikan and Sveshnikov Variations} (15... Nd4 16. c3 Ne2+ 17. Kh1 Kc6 18. g3 Rg8 19. Qf3 Nf4 20. gxf4 Bb7 21. Qd3 Qxc7 22. Nxc7 Kxc7 23. f3 Rxf4 24. Rf2 e4 25. Qc4+ Kb6 26. a4 Rxf3 27. a5+ Ka7 28. a6 {1-0 (28) Vallejo Pons,F (2693)-San Segundo Carrillo,P (2570) San Sebastian 2009}) 16. Qxf7 Kc6 {LiveBook: 15 Games} 17. Rfd1 Nxd5 18. Nxd5 Qd7 19. Qh5 $1 Ba6 $146 ({Predecessor:} 19... Bg7 20. a4 Rd4 21. Rxd4 exd4 22. Qf3 Qe6 23. Nb4+ {1-0 (54) Robson,R (2559)-Uesugi,S (2323) Philadelphia 2010}) 20. Qh3 Kb7 21. a4 Ka7 22. Nf6 $1 {[%csl LRd7,LRe4]} Qc6 23. Nxe4 Qxe4 24. Re1 Qf4 25. Qc3 (25. a5 $5 {[%cal Rh3b3]} Be7 26. Qc3 $11) 25... Qc4 26. Qe3+ Ka8 27. b3 Qc6 28. Qg5 Bb7 $1 {Threatens to win with ...Bh6!} 29. f3 {[#]} (29. Qd8+ $11 Ka7 30. Qa5+ Kb8 31. Qd8+ Ka7 32. Qa5+ Kb8 33. Qd8+ Ka7) 29... e4 $1 $17 30. fxe4 Qc5+ (30... fxe4 $17 31. Qa5+ Kb8) 31. Kh1 fxe4 32. Qd8+ $1 Ka7 {[%mdl 1024] ...Bg7 is the strong threat. Black has compensation.} 33. b4 Qe5 (33... Qxb4 34. Reb1 $18) (33... Qc4 $5 {[%cal Rf8g7]}) 34. a5 $36 {[%cal Ba4a5,Ba5a6][%mdl 2080] [#] aiming for a6! White has good play.} Be7 ({Black should play} 34... e3 $1 $11 35. Qb6+ Ka8 36. Qd8+ (36. Qxe3 Rg8 $15) 36... Ka7 37. Qb6+ Ka8 38. Qd8+ (38. Qxe3 Rg8 $15) 38... Ka7) 35. Qb6+ $14 Ka8 36. a6 {[%csl Ga6][%cal Rb6b7]} Bd5 37. c4 $1 {[%cal Rc4d5]} Rb8 $1 {[%cal Rb8b6]} 38. Qc7 Bd8 39. Qd7 Be6 40. Qc6+ Ka7 41. Rad1 (41. Qxe4 {seems wilder.} Qxe4 42. Rxe4 Bf6 43. Rd1 Be5 44. c5) 41... e3 $1 {[%cal Re3e2] Strongly threatening ...e2.The position is equal.} 42. Qxd6 Qxd6 43. Rxd6 Bxc4 {And now ...e2 would win.} 44. Rxe3 {Hoping for Re8.} Rxb4 {( -> ...Rb1+)} 45. Re1 Bb6 46. Ra1 Bxa6 47. Rd7+ Kb8 48. Rxh7 {Precision: White = 69%, Black = 73%.} 1/2-1/2

[Event "50th-ITA-ch-Teams-2018"]
[Site "Gallipoli"]
[Date "2018.04.28"]
[Round "2"]
[White "Ortega, Lexy"]
[Black "Colmenares, Aurelio"]
[Result "1-0"]
[WhiteElo "2476"]
[BlackElo "2385"]
[Annotator "TA"]
[PlyCount "51"]
[EventDate "2018.??.??"]
[EventType "team-tourn"]
[EventCountry "ITA"]
[SourceTitle "playchess.com"]
[Source "ChessBase"]
[SourceQuality "1"]

{[%evp 20,51,88,83,132,112,158,152,187,188,184,185,187,211,195,181,228,243,239,228,382,373,587,585,580,580,583,582,568,560,547,557,750,659]} 1. Nf3 d5 2. c4 d4 3. g3 Nc6 4. Bg2 e5 5. d3 Nf6 6. O-O Bc5 7. b4 Bxb4 8. Nxe5 {A09: Réti Opening: 1 Nf3 d5 2 c4} Nxe5 9. Qa4+ Nc6 (9... Nfd7 10. Qxb4 c5 11. Qa3 O-O 12. Nd2 Qc7 13. Rb1 h6 14. Nf3 Ng6 15. Ne1 Re8 {0-1 (40) Aabling Thomsen,J (2391)-Delorme,A (2518) Helsingor 2017}) 10. Bxc6+ bxc6 11. Qxb4 {LiveBook: 8 Games} h5 12. h4 $146 ({Predecessor:} 12. Ba3 Nd7 13. Qa4 Qf6 14. Nd2 h4 15. Nf3 Qh6 {1-0 (38) Macias Murillo,B (2338)-Sanchez Maya,S (2166) Cali 2010}) 12... Qd7 13. Ba3 c5 14. Qxc5 Bb7 {intending ...0-0-0.} 15. Nd2 {[%cal Bb1d2,Bd2f3,Bf3d4,Bd4c6][%mdl 32] Strongly threatening Nf3.} O-O-O 16. Rab1 ({But not} 16. Qxa7 $2 Qh3 $19) 16... Rhe8 17. Nf3 ({Much less strong is} 17. Qxa7 $6 Qc6 $16) 17... Rxe2 {[#]} 18. Rxb7 $1 {[%mdl 512]} Kxb7 19. Rb1+ $1 $40 {[%mdl 128] White has strong attack.} Ka8 $2 {[#]} (19... Kc8) 20. Nxd4 $1 $18 {[%mdl 512] Threatening mate with Nc6.} Rxa2 (20... Re6 {is a better defense.}) (20... Qxd4 21. Qc6#) 21. Nc6 {[%csl Gc6][%cal Rc5a7] White is clearly winning.} Rxa3 {[#]} 22. Qb5 $1 {[%csl Gb1][%cal Rb5b7]} Qc8 23. Nxd8 {Qc6+ would kill now.} Ra6 {[#] Threatens to win with ...Rb6.} 24. c5 $1 c6 25. Qb3 Nd5 {[#]} 26. Nxc6 $1 {[%mdl 512] Precision: White = 81%, Black = 40%.} 1-0

[Event "50th-ITA-ch-Teams-2018"]
[Site "Gallipoli"]
[Date "2018.04.28"]
[Round "2"]
[White "Basso, Pier Luigi"]
[Black "Drasko, Milan"]
[Result "1-0"]
[WhiteElo "2459"]
[BlackElo "2449"]
[Annotator "TA"]
[PlyCount "99"]
[EventDate "2018.??.??"]
[EventType "team-tourn"]
[EventCountry "ITA"]
[SourceTitle "playchess.com"]
[Source "ChessBase"]
[SourceQuality "1"]

{[%evp 10,99,22,18,29,15,21,27,42,37,46,41,39,19,25,18,22,0,8,2,10,12,14,7,20,25,58,8,9,8,6,6,22,4,9,0,3,0,0,0,0,0,0,0,7,0,81,72,67,84,53,10,12,0,0,0,0,0,0,0,12,13,16,0,68,0,40,2,8,8,8,8,8,8,36,36,37,38,31,18,29972,29972,29972,29972,29981,77,59,0,29980,29981,29981,29982]} 1. d4 e6 2. c4 Nf6 3. Nf3 Bb4+ 4. Bd2 Qe7 5. g3 Bxd2+ 6. Qxd2 Nc6 {E11: Bogo-Indian} (6... d5 7. Bg2 O-O 8. O-O Rd8 9. Na3 c6 10. Rac1 Nbd7 11. Rfd1 a5 12. Ne5 Nf8 13. Nb1 Ne8 14. Qc2 f6 15. Nf3 Nd6 16. Nbd2 {½-½ (30) Krasenkow,M (2671)-Korobov,A (2652) Wijk aan Zee 2018}) 7. e3 b6 8. Bg2 Na5 $146 {White has an edge.} ({Predecessor:} 8... O-O 9. Nc3 Bb7 10. O-O Na5 11. b3 Ne4 12. Qc2 f5 13. Rfd1 Rac8 14. d5 Nxc3 15. Qxc3 {½-½ (30) Scharf,W (2089)-Kermer,W (2122) GER email 2011}) 9. b3 Bb7 10. O-O O-O 11. Rc1 Ne4 12. Qb2 c5 13. Nfd2 Nxd2 14. Nxd2 Bxg2 15. Kxg2 Nc6 16. Nf3 Rfe8 17. Rd1 cxd4 18. exd4 d5 19. cxd5 exd5 20. Rac1 Qd6 21. Rc3 Rac8 22. Rdc1 {Black must now prevent Qc2.} f6 23. R1c2 Ne7 24. Qc1 {[%cal Rc3c8]} Rxc3 25. Rxc3 Rd8 26. h4 h5 27. Qc2 a5 (27... Qe6 $11) 28. Ng1 $1 $16 Qe6 29. Re3 Qd7 30. Qd1 Nf5 31. Rc3 Qe8 32. Qe2 Nxd4 33. Qxe8+ Rxe8 $11 {[%mdl 4096] Endgame KRN-KRN} 34. Rd3 Nf5 35. Rxd5 g6 36. Rd7 Re4 (36... Rc8 $11) 37. Nh3 (37. Rb7 $1 $14) 37... a4 38. Nf4 {With the idea Nd5.} axb3 39. axb3 Nxh4+ $1 40. Kh3 {Strongly threatening Nd5.} Nf3 41. Nxg6 Ne5 42. Nxe5 Rxe5 $14 {KR-KR} 43. Rd6 Rf5 44. f4 b5 $2 {[%mdl 8192]} (44... Rb5 $11) 45. b4 Kf7 46. Rd4 $1 Kg6 {[#]} 47. Kh4 $2 (47. Kg2 $1 {mates} Kh6 48. Kf3 Kh7 49. Rd7+ Kh6 50. Rd4 h4 51. g4 Kg6 52. gxf5+ Kxf5 53. Rd5+ Ke6 54. Rxb5) 47... Kh6 $16 48. Kh3 $2 {[%mdl 8192]} (48. Rd1 $14 Kg7 49. Rd4) 48... Kg6 {[#]} 49. Kg2 $1 {[%cal Rg2f3]} Kf7 50. Kf3 {Precision: White = 54%, Black = 47%.} 1-0

[Event "50th-ITA-ch-Teams-2018"]
[Site "Gallipoli"]
[Date "2018.04.28"]
[Round "2"]
[White "Shytaj, Luca"]
[Black "Lapiccirella, Daniele"]
[Result "1-0"]
[WhiteElo "2454"]
[BlackElo "2213"]
[Annotator "TA"]
[PlyCount "43"]
[EventDate "2018.??.??"]
[EventType "team-tourn"]
[EventCountry "ITA"]
[SourceTitle "playchess.com"]
[Source "ChessBase"]
[SourceQuality "1"]

{[%evp 9,43,4,8,-32,39,47,25,16,33,-19,-18,-16,0,-19,12,16,60,61,81,66,177,137,154,169,345,320,391,391,423,421,397,412,482,482,713,681]} 1. e4 c5 2. Nf3 e6 3. b3 b6 4. d4 cxd4 5. Nxd4 Bb7 6. Qe2 {B40: Sicilian: 2...e6, Unusual lines} (6. Nb5 d5 7. exd5 a6 8. N5c3 exd5 9. Bd3 Nf6 10. O-O Be7 11. Ba3 Bxa3 12. Nxa3 O-O 13. Ne2 Qe7 {1-0 (56) Ivanchuk,V (2726)-Bocharov,D (2583) Riadh 2017}) 6... d6 (6... Nf6 $15) 7. Bb2 $14 Nf6 8. Nd2 {White has an edge.} Nc6 9. O-O-O $146 (9. Nxc6 $14 Bxc6 10. Rd1) ({Predecessor:} 9. Qe3 Be7 10. Bb5 Rc8 11. c4 O-O 12. Bxc6 Bxc6 13. Nxc6 Rxc6 {1-0 (42) Przybylski,W (2313)-Luch,M (2447) Warsaw 2014}) 9... Nxd4 $11 10. Bxd4 Qc7 11. Kb1 (11. Qe3 {seems wilder.} Rc8 12. Bb5+ Bc6 13. Ba6 Bxe4 14. Nc4) 11... e5 12. Bb2 $36 {[%mdl 2048] White has the initiative.} Bc6 13. f4 O-O-O 14. Qf3 h5 ({Better is} 14... Kb8 $14) 15. Ba6+ Kb8 {[#]} 16. fxe5 $1 dxe5 $2 (16... Ng4) 17. Nc4 $18 Re8 {White must now prevent ...b5.} 18. Bxe5 $1 Rxe5 19. Nxe5 Bxe4 {[#]} 20. Nd7+ $1 {[%mdl 512]} Nxd7 21. Qxe4 {Qe8+ would kill now.} Bc5 (21... Ba3 $142 22. Qa4 Bd6) 22. Rhe1 {Precision: White = 62%, Black = 19%.} 1-0

[Event "50th-ITA-ch-Teams-2018"]
[Site "Gallipoli"]
[Date "2018.04.28"]
[Round "2"]
[White "Bellia, Fabrizio"]
[Black "Vazquez Igarza, Renier"]
[Result "0-1"]
[WhiteElo "2443"]
[BlackElo "2558"]
[Annotator "TA"]
[PlyCount "74"]
[EventDate "2018.??.??"]
[EventType "team-tourn"]
[EventCountry "ITA"]
[SourceTitle "playchess.com"]
[Source "ChessBase"]
[SourceQuality "1"]

{[%evp 21,74,39,56,0,0,0,0,-6,-8,-9,-6,-25,-24,-44,-42,-45,-37,-35,-12,-37,-17,-53,-15,-33,-29,-33,-41,-88,-59,-64,-54,-248,-240,-229,-234,-401,-380,-508,-495,-505,-491,-551,-550,-549,-544,-548,-548,-548,-547,-545,-514,-530,-538,-625,-625]} 1. d4 Nf6 2. Nf3 d5 3. c4 c6 4. e3 Bg4 5. Nc3 e6 6. h3 Bf5 7. g4 Bg6 8. Ne5 {D11: Slav Defence: 3 Nf3 sidelines and 3...Nf6 4 e3 Bg4} Nfd7 9. Nxg6 hxg6 10. Qb3 Qb6 11. Bd2 Be7 {LiveBook: 7 Games} 12. cxd5 $146 (12. Qc2 $14) ({Predecessor:} 12. Bg2 Na6 13. c5 Qxb3 14. axb3 {1-0 (38) Riazantsev,A (2678)-Mozharov,M (2555) Moscow 2014}) 12... cxd5 $11 13. Qxb6 Nxb6 14. Nb5 {[#] Nc7+ is the strong threat.} Kd7 15. Bd3 Nc6 16. a3 Nc4 17. b3 Nxd2 18. Kxd2 Na5 19. Kc2 Bh4 {With the idea ...Rac8+.} 20. Raf1 Nc6 $36 {[%mdl 2048] Black is pushing.} 21. Nc3 Be7 22. Ra1 Rh4 23. Bf1 f5 24. Bd3 Rah8 25. Rhg1 f4 {[#] Strongly threatening ...fxe3.} 26. Ne2 $2 (26. Bf1 $1 $15) 26... fxe3 $19 27. fxe3 Rxh3 28. Ng3 $2 (28. Rg3 {was called for.}) 28... Rh2+ 29. Be2 Bg5 {Black is clearly winning.} 30. Kd3 e5 31. dxe5 Nxe5+ 32. Kd4 Kd6 33. Rh1 Bf6 34. Rxh2 Rxh2 35. Ra2 Nxg4+ 36. Kd3 Rg2 37. Nf1 Nf2+ {Precision: White = 26%, Black = 65%.} 0-1

[Event "50th-ITA-ch-Teams-2018"]
[Site "Gallipoli"]
[Date "2018.04.28"]
[Round "2"]
[White "Efimov, Igor"]
[Black "Morozov, Nichita"]
[Result "1/2-1/2"]
[WhiteElo "2407"]
[BlackElo "2443"]
[Annotator "TA"]
[PlyCount "39"]
[EventDate "2018.??.??"]
[EventType "team-tourn"]
[EventCountry "ITA"]
[SourceTitle "playchess.com"]
[Source "ChessBase"]
[SourceQuality "1"]

{[%evp 18,19,11,8]} 1. d4 Nf6 2. Nf3 d5 3. c4 c6 4. e3 Bf5 5. Nc3 e6 6. Bd3 Bxd3 7. Qxd3 Nbd7 8. O-O Be7 9. b3 O-O 10. Bb2 {LiveBook: 61 Games} {Predecessor:} a6 $146 11. e4 dxe4 12. Nxe4 Nxe4 13. Qxe4 Qa5 14. a4 Rad8 15. Rfe1 Bf6 16. Rad1 Rfe8 17. h3 Qc7 18. Qc2 Nf8 19. g3 c5 20. d5 {½-½ (20) Malakhov,V (2682)-Dreev,A (2655) Solin 2006} 1/2-1/2

[Event "50th-ITA-ch-Teams-2018"]
[Site "Gallipoli"]
[Date "2018.04.28"]
[Round "2"]
[White "Garcia Palermo, Carlos"]
[Black "Borgo, Giulio"]
[Result "1-0"]
[WhiteElo "2404"]
[BlackElo "2397"]
[Annotator "RC"]
[PlyCount "47"]
[EventDate "2018.??.??"]
[EventType "team-tourn"]
[EventCountry "ITA"]
[SourceTitle "playchess.com"]
[Source "ChessBase"]
[SourceQuality "1"]
[TimeControl "40/5400+30:900+30"]

1. Nf3 {[%emt 0:00:21]} c5 {[%emt 0:01:43]} 2. b3 {[%emt 0:01:06]} b6 {[%emt 0:05:53]} 3. g3 {[%emt 0:02:13]} Bb7 {[%emt 0:01:08]} 4. Bg2 {[%emt 0:00:06]} e5 {[%emt 0:02:46]} 5. d3 {[%emt 0:08:06]} g6 {[%emt 0:04:13]} 6. Bb2 {[%emt 0:01:35]} Bg7 {[%emt 0:03:06]} 7. h4 {[%emt 0:14:49]} Ne7 {[%emt 0:16:56]} 8. h5 {[%emt 0:02:10]} O-O {[%emt 0:00:43]} 9. e4 {[%emt 0:00:34]} Nbc6 {[%emt 0:03:51]} 10. Nbd2 {[%emt 0:03:33]} d5 {[%emt 0:10:54]} 11. hxg6 {[%emt 0:05:26]} hxg6 {[%emt 0:01:02]} 12. Ng5 {[%emt 0:01:25]} Bc8 {[%emt 0:35:30]} 13. Nh7 {[%emt 0:22:40]} Re8 {[%emt 0:00:51]} 14. Qf3 {[%emt 0:00:07]} f5 {[%emt 0:01:47]} 15. O-O-O {[%emt 0:00:09]} Nd4 {[%emt 0:04:53]} 16. Bxd4 {[%emt 0:00:50]} cxd4 {[%emt 0:00:22]} 17. exf5 {[%emt 0:00:38]} gxf5 {[%emt 0:00:32]} 18. Ng5 {[%emt 0:00:55]} Rf8 {[%emt 0:02:08]} 19. Rh7 {[%emt 0:20:33]} f4 {[%emt 0:01:02]} 20. Qh5 {[%emt 0:01:10]} Bf5 {[%emt 0:00:29]} 21. Rh1 {[%emt 0:00:10]} Ng6 {[%emt 0:00:38]} 22. g4 {[%emt 0:00:48]} f3 {[%emt 0:00:42]} 23. gxf5 {[%emt 0:00:26]} Rxf5 {[%emt 0:00:29]} 24. Qxg6 {[%emt 0:00:26]} 1-0